Biggest Countries with Long Names by Area - Statistics

General Stats
  • This quiz has been taken 49 times
  • The average score is 18 of 25
Answer Stats
Letters Country % Correct
28 Democratic Republic of the Congo
100%
18 Republic of the Congo
98%
9 Australia
93%
10 Kazakhstan
93%
12 United States
93%
9 Argentina
90%
9 Indonesia
86%
11 Saudi Arabia
83%
12 Turkmenistan
83%
10 Uzbekistan
83%
11 South Africa
81%
13 United Kingdom
81%
11 Afghanistan
69%
22 Central African Republic
67%
10 South Sudan
64%
10 Madagascar
62%
11 Philippines
62%
10 Kyrgyzstan
60%
10 Mauritania
60%
10 New Zealand
60%
9 Venezuela
60%
10 Mozambique
57%
14 Papua New Guinea
45%
11 Burkina Faso
31%
10 Ivory Coast
29%
No matching quizzes found
Score Distribution
Percent of People with Each Score
Percentile by Number Answered
Your Score History
You have not taken this quiz